Central Library OPAC University of Rajshahi

Berkeley / (Record no. 29104)

MARC details
000 -LEADER
fixed length control field 00759cam a2200265 4500
001 - CONTROL NUMBER
control field 29104
003 - CONTROL NUMBER IDENTIFIER
rucl marc code BD-RjUL
005 - DATE AND TIME OF LATEST TRANSACTION
control field 20211209051355.0
008 - FIXED-LENGTH DATA ELEMENTS--GENERAL INFORMATION
fixed length control field 140402s1969 enk b 001 0 eng d
035 ## - SYSTEM CONTROL NUMBER
System control number (BD-RjUL)29189
040 ## - CATALOGING SOURCE
Original cataloging agency DLC
Transcribing agency DLC
Modifying agency DLC
-- BD-RjUL
Language of cataloging eng
041 ## - LANGUAGE CODE
Language code of text/sound track or separate title eng
082 00 - DEWEY DECIMAL CLASSIFICATION NUMBER
Classification number 192
Author mark and year WAB 1969
100 1# - MAIN ENTRY--PERSONAL NAME
Personal name Warnock, G. J.
Fuller form of name (Geoffrey James),
Dates associated with a name 1923-
9 (RLIN) 2889
245 10 - TITLE STATEMENT
Title Berkeley /
Statement of responsibility, etc. by G. J. Warnock.
260 ## - PUBLICATION, DISTRIBUTION, ETC. (IMPRINT)
Place of publication, distribution, etc. Baltimore :
Name of publisher, distributor, etc. Penguin Books,
Date of publication, distribution, etc. 1969.
300 ## - PHYSICAL DESCRIPTION
Pagination 240 p. ;
Size 20 cm.
350 ## - PRICE (NR) (BK AM CF MU VM SE) [OBSOLETE]
Price 2.95 (pbk)
490 0# - SERIES STATEMENT
Series statement Peregrine books, Y80
504 ## - BIBLIOGRAPHY, ETC. NOTE
Bibliography, etc Includes index and bibliographical references.
600 10 - SUBJECT ADDED ENTRY--PERSONAL NAME
Personal name Berkeley, George,
Dates associated with a name 1685-1753.
942 ## - ADDED ENTRY ELEMENTS (KOHA)
Source of classification or shelving scheme Dewey Decimal Classification
Koha item type Books
Holdings
Lost status Source of classification or shelving scheme Damaged status Not for loan Collection code Permanent Location Current Location Shelving location Date acquired Source of acquisition Cost, normal purchase price Total Checkouts Full call number Date last seen Copy number Koha item type
  Dewey Decimal Classification     Non-fiction Central Library, University of Rajshahi Central Library, University of Rajshahi   23/11/1976 Md. Moazzem hossain 110.00   192 WAB 1969 02/04/2014 C-2 Books